000 00637nam a2200181 i 4500
001 97951
003 ES-MaACL
005 20231229063024.0
007 t|
008 050721s1949 sp ||||1| spa d
100 1 _aMarín Pérez, Pascual,
_d1917-1991
_976809
245 1 3 _aLa obra cinematográfica y sus problemas jurídicos /
_cPascual Marín Pérez.
260 _aMadrid :
_bInstituto Editorial Reus,
_c1949.
300 _a49 p. ;
_c25 cm.
500 _aEs tirada aparte de la revista General de Legislación y Jurisprudencia. Julio - Agosto de 1949.
852 _aES-MaACL
_j1899-F-9
_bR.28680
999 _c97951
_d97951